banner koha

Effect of dormancy on the emergence of Tabernaemontana heterophylla seedlings in different substrates (Registro n. 338651)

MARC details
000 -LÍDER
fixed length control field 04367nab a2200373 4500
003 - CÓDIGO MARC DA AGÊNCIA CATALOGADORA
Campo de controle BR-BrBNA
005 - DATA E HORA DA ÚLTIMA ATUALIZAÇÃO
Campo de controle 20251011113121.0
008 - CAMPO DE TAMANHO FIXO
fixed length control field 251011b2024 bl.ar|pooa||| 00| 0 eng |
040 ## - FONTE DA CATALOGAÇÃO
Agência catalogadora BR-BrBNA
Idioma da catalogação por
072 ## - CATEGORIA AGRIS
Código AGRIS K10 ; F03
Código do objeto 3200
100 ## - ENTRADA PRINCIPAL - NOME PESSOAL
Nome pessoal Pinheiro, Romário de Mesquita
100 ## - ENTRADA PRINCIPAL - NOME PESSOAL
Nome pessoal Carvalho, Henrique Pereira de
100 ## - ENTRADA PRINCIPAL - NOME PESSOAL
Nome pessoal Marques, Ricardo de Araújo
100 ## - ENTRADA PRINCIPAL - NOME PESSOAL
Nome pessoal Ferreira, Evandro José Linhares
100 ## - ENTRADA PRINCIPAL - NOME PESSOAL
Nome pessoal Gadotti, Gizele Ingrid
100 ## - ENTRADA PRINCIPAL - NOME PESSOAL
Nome pessoal Barros, Quétila Souza
100 ## - ENTRADA PRINCIPAL - NOME PESSOAL
Nome pessoal Rocha, Andrea Alechandre da
100 ## - ENTRADA PRINCIPAL - NOME PESSOAL
Nome pessoal Oliveira, Erica Karolina Barros de
245 ## - TÍTULO PRINCIPAL
Título principal Effect of dormancy on the emergence of Tabernaemontana heterophylla seedlings in different substrates
500 ## - NOTA GERAL
Nota geral Summaries (En, Pt); 32 ref.; 4 illus.; 1 table
942 ## - ADDED ENTRY ELEMENTS (KOHA)
Koha item type Analítica
520 ## - NOTA DE RESUMO
Nota de conteúdo ABSTRACT - The composition and dynamics of plant communities are determined by the survival, dispersal and persistence of seeds in the soil, some of the fundamental aspects for understanding plant<br/>biology, among which seed dormancy is of particular importance. The aim of this work was to find out whether seed dormancy is affected by certain substrates in order to improve the production of Tabernaemontana heterophylla seedlings. Treatments were carried out with different substrates (T1. Sand, T2. Vegetable clay, T3. Vegetable clay + sand (1:1 ratio), T4. Vermiculite, T5. Cattle manure, T6. Sawdust and T7. Organic compost) in 7 x 4 factorial schemes, the results of which were subjected to an analysis of variance and a comparison of means with the Tukey test at a probability of 5%. The seeds with visible germination structure (hypocotyl) showed an apical meristem in a dormant stage. The number of normal seedlings did not exceed 25% of the germinated seeds in all treatments, with a high proportion of nonviable seeds observed. In the absence of technical information on overcome dormancy, it is important to use strategies that stimulate germination and subsequent seedling growth. The slow germination combined with the presence of dormancy in the hypocotyledon were factors that negatively affected the propagation of the species studied. Keywords: Forest species; Germination; Forest seeds.
520 ## - NOTA DE RESUMO
Nota de conteúdo RESUMO – A composição e a dinâmica das comunidades vegetais são determinadas pela sobrevivência, dispersão e persistência das sementes no solo, alguns dos aspectos fundamentais para a compreensão da biologia vegetal, entre os quais se destaca a dormência das sementes. O objetivo deste trabalho foi verificar se a dormência das sementes é afetada por determinados substratos, a fim de melhorar a produção de mudas de Tabernaemontana heterophylla. Os tratamentos foram realizados<br/>com diferentes substratos (T1. Areia, T2. Argila vegetal, T3. Argila vegetal + areia (proporção 1:1), T4. Vermiculita, T5. Estrume de gado, T6. Serragem e T7. Composto orgânico) em esquemas fatoriais 7 x 4, cujos resultados foram submetidos a uma análise de variância e a uma comparação de médias<br/>com o teste de Tukey a uma probabilidade de 5%. As sementes com estrutura germinativa visível (hipocótilo) apresentaram meristema apical em estado de dormência. O número de plântulas normais não ultrapassou 25% das sementes germinadas em todos os tratamentos, tendo sido observada uma elevada proporção de sementes inviáveis. Na ausência de informações técnicas sobre a superação da<br/>dormência, é importante utilizar estratégias que estimulem a germinação e o posterior crescimento das plântulas. A lenta germinação aliada à presença de dormência no hipocótilo foram fatores que afetaram negativamente a propagação da espécie estudada. Palavras-Chave: Espécie florestal; Germinação; Sementes florestais.
650 ## - ASSUNTO - THESAGRO
Cabeçalho tópico ou nome geográfico TABERNAEMONTANA HETEROPHYLLA
650 ## - ASSUNTO - THESAGRO
Cabeçalho tópico ou nome geográfico ÁRVORE ANGIOSPERMA
650 ## - ASSUNTO - THESAGRO
Cabeçalho tópico ou nome geográfico DORMÊNCIA DA SEMENTE
650 ## - ASSUNTO - THESAGRO
Cabeçalho tópico ou nome geográfico PLÂNTULA
650 ## - ASSUNTO - THESAGRO
Cabeçalho tópico ou nome geográfico EMERGÊNCIA
650 ## - ASSUNTO - THESAGRO
Cabeçalho tópico ou nome geográfico GERMINAÇÃO
650 ## - ASSUNTO - THESAGRO
Cabeçalho tópico ou nome geográfico SUBSTRATO DE CULTURA
773 0# - ENTRADA ANALÍTICA
Host Biblionumber 812
Registro do item 346931
Imprenta Viçosa-MG Sociedade de Investigações Florestais - Universidade Federal de Viçosa. Depto. de Engenharia Florestal 1977
Outro identificador 2024-7729
Título Revista Árvore (Brazil)
ISSN 0100-6762
Colação v. 48 p. 1-12; (2024)
Número de controle de registro BR2025003815
856 ## - ACESSO E ENDEREÇO ELETRÔNICO
Identificador uniforme de recurso - URI https://www.scielo.br/j/rarv/a/rm3WhH5pcFhTgGq6ypknfNJ/?format=pdf&lang=en

Nenhum exemplar disponível.

BINAGRI

Telefone: (61)3218-2567/2388/3357/2097 - binagri@agro.gov.br

Ministério da Agricultura e Pecuária , Esplanada dos Ministérios, Bloco D, Anexo B, Brasília/DF, CEP: 70.043-900